Occupational and environmental respiratory disease / (Record no. 13104)

000 -LEADER
fixed length control field 00673pam a2200241 a 4500
020 ## - INTERNATIONAL STANDARD BOOK NUMBER
ISBN 0801677289 (alk. paper)
040 ## - CATALOGING SOURCE
Transcribing agency DLC
082 00 - DEWEY DECIMAL CLASSIFICATION NUMBER
Classification number 616 MOS 1996 A044 Or.
245 00 - TITLE STATEMENT
Title Occupational and environmental respiratory disease /
250 ## - EDITION STATEMENT
Edition statement 1st ed.
260 ## - PUBLICATION, DISTRIBUTION, ETC. (IMPRINT)
Place of publication St. Louis, Mo. :
Name of publisher Mosby,
Year of publication c1996.
300 ## - PHYSICAL DESCRIPTION
Number of Pages xviii, 1038 p. :
Other physical details ill. ;
Dimensions 29 cm.
650 #0 - SUBJECT ADDED ENTRY--TOPICAL TERM
Topical Term Lungs
650 #0 - SUBJECT ADDED ENTRY--TOPICAL TERM
Topical Term Lungs
650 #0 - SUBJECT ADDED ENTRY--TOPICAL TERM
Topical Term Occupational diseases.
650 #0 - SUBJECT ADDED ENTRY--TOPICAL TERM
Topical Term Environmentally induced diseases.
650 12 - SUBJECT ADDED ENTRY--TOPICAL TERM
Topical Term Respiratory Tract Diseases.
650 22 - SUBJECT ADDED ENTRY--TOPICAL TERM
Topical Term Occupational Diseases.
700 1# - ADDED ENTRY--PERSONAL NAME
Personal name Harber, Philip.
700 1# - ADDED ENTRY--PERSONAL NAME
Personal name Schenker, Marc.
700 1# - ADDED ENTRY--PERSONAL NAME
Personal name Balmes, John.
942 ## - ADDED ENTRY ELEMENTS (KOHA)
Koha item type សៀវភៅភាសាអង់គ្លេស
952 ## - LOCATION AND ITEM INFORMATION (KOHA)
Withdrawn status [LOCAL, KOHA] 0
Holdings
Permanent Location Date acquired Koha item type Lost status Shelving location Barcode Current Location Full call number
Library Block A2017-08-19សៀវភៅភាសាអង់គ្លេស A044A18805Library Block A616 MOS 1996 A044 Or.
មជ្ឈមណ្ឌលឯការនៃសាកលវិទ្យាល័យភូមិន្ទកសិកម្មចំការដូង

Powered by Koha